LIBRARY & INFORMATION CENTRE, KCAET, TAVANUR

ONLINE PUBLIC ACCESS CATALOGUE (OPAC)

Visual basic 4.0 for windows 95 / (Record no. 10065)

MARC details
000 -LEADER
fixed length control field 00455cam a2200181ua 4500
020 ## - INTERNATIONAL STANDARD BOOK NUMBER
ISBN 81 7029 660 9
041 ## - LANGUAGE CODE
Language code of text/sound track or separate title eng
082 ## - DEWEY DECIMAL CLASSIFICATION NUMBER
Classification number 005.133
Item number SOC/VI
100 ## - MAIN ENTRY--AUTHOR NAME
Personal name Socha, John .
245 ## - TITLE STATEMENT
Title Visual basic 4.0 for windows 95 /
250 ## - EDITION STATEMENT
Edition statement 1 /
260 ## - PUBLICATION, DISTRIBUTION, ETC. (IMPRINT)
Place of publication New Delhi :
Name of publisher B P B Publishers ,
Year of publication 1995.
300 ## - PHYSICAL DESCRIPTION
Number of Pages 496 ; .
700 1# - ADDED ENTRY--PERSONAL NAME
Personal name Hall, Devra .
942 ## - ADDED ENTRY ELEMENTS (KOHA)
Koha item type Books
Holdings
Withdrawn status Lost status Damaged status Home library Current library Date acquired Full call number Accession Number Koha item type
      KAUAET KAUAET 07/04/2012 005.133 19357 Books
free website counter